000 00453nam a2200181Ia 4500
001 24679
005 20260414151059.0
008 260414t2006||||xx |||||||||||||| ||spa||
041 _aESP
082 _a345.721
_bR34
100 _aRedfern, Alan
_eAUT
245 0 _aTeoría y práctica del arbitraje comercial internacional
_b
260 _c2006
300 _a908 páginas :
_c23 cm.
650 _aDER
654 _aCDE
942 _cLIB
_dJUS
_fJUS
_2ddc
_n
999 _c24679
_d24679